Statistics for Extensive Harry Potter First Names Quiz

Click here to take the quiz!

General Stats

  • This quiz has been taken 95 times
    (85 since last reset)
  • The average score is 143 of 187

Answer Stats

HintAnswer% Correct
BlackSirius
100%
BellKatie
98%
ChangCho
96%
DelacourFleur
96%
DumbledoreAlbus
94%
Crouch | Crouch Jr.Bartemius
94%
LestrangeBellatrix
94%
DiggoryCedric
94%
CreeveyColin
94%
MalfoyDraco
94%
DursleyDudley
94%
Bryce | LongbottomFrank
94%
WeasleyFred
94%
AbbottHannah
94%
PotterHarry
94%
HufflepuffHelga
94%
GrangerHermione
94%
PotterJames
94%
PotterLily
94%
MalfoyLucius
94%
WeasleyMolly
94%
DursleyPetunia
94%
CattermoleReginald
94%
BlackRegulus
94%
DursleyVernon
94%
WeasleyWilliam
94%
WeasleyArthur
92%
ThomasDean
92%
WeasleyGeorge
92%
GryffindorGodric
92%
LovegoodLuna
92%
McGonagallMinerva
92%
MalfoyNarcissa
92%
LongbottomNeville
92%
ParkinsonPansy
92%
PettigrewPeter
92%
LupinRemus
92%
WeasleyRonald
92%
RavenclawRowena
92%
HagridRubeus
92%
FinniganSeamus
92%
RiddleTom
92%
CrabbeVincent
92%
BagshotBathilda
91%
UmbridgeDolores
91%
WeasleyGinny
91%
GoyleGregory
91%
BrownLavender
91%
Flamel | de Mimsy-PorpingtonNicholas
91%
WoodOliver
91%
WeasleyPercy
91%
SkeeterRita
91%
SlytherinSalazar
91%
SnapeSeverus
91%
BonesSusan
91%
TonksTed
91%
KrumViktor
91%
DiggoryAmos
89%
WeasleyCharlie
89%
McLaggenCormac
89%
FlitwickFilius
89%
DelacourGabrielle
89%
SlughornHorace
89%
BagmanLudovic
89%
Belby | FlintMarcus
89%
DursleyMarjorie
89%
TonksNymphadora
89%
PatilParvati
89%
ClearwaterPenelope
89%
TrelawneySybill
89%
MoodyAlastor
87%
LongbottomAlice
87%
JohnsonAngelina
87%
ZabiniBlaise
87%
FudgeCornelius
87%
LockhartGilderoy
87%
PatilPadma
87%
LupinTeddy
87%
LovegoodXenophilius
87%
FilchArgus
85%
DumbledoreAriana
85%
CreeveyDennis
85%
GreybackFenrir
85%
RavenclawHelena
85%
KarkaroffIgor
85%
ShackleboltKingsley
85%
ShunpikeStanley
85%
DumbledoreAberforth
83%
CarrowAlecto
83%
MacMillan | PrangErnie
83%
GauntMarvolo
83%
MaximeOlympe
83%
CarrowAmycus
81%
BurbageCharity
81%
Finch-FletchleyJustin
81%
JordanLee
81%
CattermoleMary
81%
FletcherMundungus
81%
ScamanderNewt
81%
PomfreyPoppy
81%
GauntMerope
79%
BulstrodeMillicent
79%
BootTerry
79%
BonesAmelia
77%
FiggArabella
77%
GrindelwaldGellert
77%
SproutPomona
77%
LestrangeRodolphus
77%
ScrimgourRufus
77%
SpinnetAlicia
75%
DolohovAntonin
75%
DiggleDedalus
75%
BlackPhineas Nigellus
75%
QuirrelQuirinus
75%
VaneRomilda
75%
BinnsCuthbert
74%
DumbledoreKendra
74%
CornerMichael
74%
TonksAndromeda
72%
DippetArmando
72%
DogeElphias
72%
EdgecombMarietta
72%
DumbledorePercival
72%
SmithZacharias
72%
LongbottomAugusta
70%
GoldsteinAnthony
68%
GreengrassAstoria
68%
OllivanderGarrick
68%
HopkirkMafalda
68%
GauntMorfin
68%
DaviesRoger
68%
CresswellDirk
66%
PrinceEileen
66%
PeverellIgnotus
66%
PolkissPiers
66%
ThicknessePius
66%
HoochRolanda
66%
JorkinsBertha
64%
LestrangeRabastan
64%
SinistraAurora
62%
BodeBroderick
60%
SmithHepzibah
60%
Grubbly-PlankWilhelmina
60%
RookwoodAugustus
58%
OgdenBob
58%
PeverellCadmus
58%
RunkornAlbert
57%
PeverellAntioch
57%
VanceEmmeline
57%
PrewettGideon
57%
DawlishJohn
57%
WeasleyMuriel
57%
PodmoreSturgis
57%
SnapeTobias
57%
PrewettFabian
55%
PinceIrma
55%
SloperJack
55%
PeakesJimmy
55%
BlackOrion
55%
FortescueFlorean
53%
BlackWalburga
53%
CooteRitchie
51%
McnairWalden
51%
TwycrossWilkie
49%
RobinsDemelza
47%
RosierEvan
47%
JonesHestia
47%
WarbeckCelestina
45%
JonesGwenog
45%
GregorovitchMykew
45%
VectorSeptima
45%
GreengrassDaphne
43%
RowleThorfinn
43%
KettleburnSilvanus
42%
MarchbanksGriselda
40%
McKinnonMarlene
38%
WarrenMyrtle
38%
KirkeAndrew
36%
DerwentDilys
28%
DelacourApolline
26%
LongbottomArchie
17%
(Sir) Delaney-PodmorePatrick
17%

Score Distribution

Percentile by Number Answered

Percent of People with Each Score

Your Score History

You have not taken this quiz since the last reset